| 000 | nam a22 7a 4500 | ||
|---|---|---|---|
| 999 |
_c233331 _d233331 |
||
| 003 | Nust | ||
| 005 | 20170307093725.0 | ||
| 008 | 170307b xxu||||| |||| 00| 0 eng d | ||
| 040 | _c0 | ||
| 082 | _a070.4 | ||
| 100 | _4Abdussalam Khursheed | ||
| 245 |
_aFann- e- sahafat _cAbdussalam Khursheed |
||
| 260 |
_aLahore _bMaktaba karvan _c2008 |
||
| 300 | _a355p | ||
| 942 |
_2ddc _cBK |
||